| 000 | 01624cam a22003495i 4500 | ||
|---|---|---|---|
| 999 |
_c28491 _d28462 |
||
| 001 | 21380138 | ||
| 003 | EG-ScBUE | ||
| 005 | 20200716164143.0 | ||
| 008 | 200108s2012 enka f b 001 0 eng d | ||
| 020 | _a9780745625140 | ||
| 020 | _a0745625142 | ||
| 020 | _a9780745625157 | ||
| 020 | _a0745625150 | ||
| 035 | _a(OCoLC)ocn540182872 | ||
| 040 |
_aUKM _beng _erda _cUKM _dERASA _dBTCTA _dBAKER _dYDXCP _dCDX _dCOO _dIQU _dOCLCQ _dNLE _dWNE _dBWX _dIAD _dLML _dEMU _dBDX _dVP@ _dUKMGB _dOCLCF _dCHVBK _dOCLCQ _dOCLCO _dS3O _dOCLCO _dUKWOH _dOCLCQ _dOCL _dCNGUL _dOCLCO _dVGM _dNJR _dOCLCQ _dOKR _dCNMTR _dCNCLB _dOCLCA _dDLC _dEG-ScBUE |
||
| 082 | 0 | 4 |
_a820.9005 _bSUS _222 |
| 100 | 1 |
_aSussman, Charlotte, _eauthor. _939911 |
|
| 245 | 1 | 0 |
_aEighteenth-century English literature, 1660-1789 / _cCharlotte Sussman. |
| 246 | 3 | _a18th-century English literature, 1660-1789 | |
| 264 | 1 |
_aCambridge, UK ; _aMalden, MA : _bPolity Press, _c2012. |
|
| 300 |
_a291 pages ; _c24 cm. |
||
| 336 |
_atext _btxt _2rdacontent |
||
| 337 |
_aunmediated _bn _2rdamedia |
||
| 338 |
_avolume _bnc _2rdacarrier |
||
| 490 | 0 | _aCultural history of literature | |
| 504 | _aIncludes bibliographical references and index. | ||
| 505 | 0 | _aNational identity and a national literature -- Print culture and the public sphere -- The city -- The countryside -- Individuality and imagination -- Religious experience -- Female sexuality and domesticity -- Wit and sensibility -- Trade and travel -- Colonialism and slavery. | |
| 650 | 7 |
_aEnglish literature _y18th century _xHistory and criticism. _2BUEsh |
|
| 653 |
_bHHUUEENN _cJuly2020 |
||
| 655 |
_vReading book _934232 |
||
| 942 |
_2ddc _cBB |
||